00510 2200157 4500245004300000020002200043100001900065650002400084005001900108260003700127041001400164084000800178500012200186490003500308336000900343 aEkologi Volume 2cA. Ari DartoyohText a978-602-7706-02-6 aA. Ari Dartoyo aEnsikloedia Ekologi a20231031133529 aJakartabIndonesia Printerc2012 aIndonesia a503 aDaftar Isi : Ekologi: Pendahuluan dan Latar Belakang, Mempelajari Alam, Bioma, Kehidupan di Air, Manusia dan Biosfer. aEnsiklopedia Sains Spektakuler atext